000 00716cam a22002653a 4500
001 18713
003 PGUSA
005 20140828083410.0
008 060629s2006||||xxu|||||s|||||000 p eng d
040 _aPGUSA
_beng
042 _adc
050 4 _aPS
100 1 _aDunbar-Nelson, Alice Moore,
_d1875-1935
245 1 0 _aViolets and Other Tales
_h[electronic resource] /
_cAlice Moore Dunbar-Nelson
260 _bProject Gutenberg,
_c2006
506 _aPublic domain in the USA.
516 _aElectronic text
653 _aPoetry
653 _aEssays
653 _aFiction
653 _aShort stories
830 0 _aProject Gutenberg
_v18713
856 4 0 _uhttp://www.gutenberg.org/ebooks/18713
942 _cEB
999 _c247968
_d247968